Adiós a la razón

Furkejuvvon:
Bibliográfalaš dieđut
Váldodahkki: Feyerabend, Paul
Materiálatiipa: Girji
Giella:Undetermined
Almmustuhtton: Madrid, España Editorial Tecnos 2005
Preanttus:3
Fáttát:
Fáddágilkorat: Lasit fáddágilkoriid
Eai fáddágilkorat, Lasit vuosttaš fáddágilkora!

MARC

LEADER 00000nam a2200000Ia 4500
008 170316s9999 xx 000 0 und d
090 |a 100 F-12.1a 
100 |a Feyerabend, Paul 
245 |a Adiós a la razón 
250 |a 3 
260 |a Madrid, España 
260 |b Editorial Tecnos 
260 |c 2005 
300 |a 195 páginas 
650 |a FILOSOFÍA 
650 |a ADIÓS A LA RAZÓN 
650 |a CIENCIA - ARTE 
999 |c 16142  |d 16142 
040 |a cru BVZT 
942 |c 15 D  |h 100 F-12.1a  |2 z